Sonetos varios de la musa mexicana colección dedicada al insigne poeta español D. José Zorrilla

Detalles Bibliográficos
Autor principal: Segura, José Sebastian, 1822-1889
Otros Autores: Juana Inés de la Cruz, sor, 1651-1695, Zorrilla y Moral, José, 1817-1893
Formato: Libro
Lenguaje:Undetermined
Spanish
Publicado: México 1855
Materias:
Colección:Banco de datos
Acervo:Biblioteca Fenando Tola de Habich. Colección bibliográfica
Descripción Física:218 p., [2] h. 16 cm.
Tema general:Literatura mexicana
LEADER 00655nam a2200181Ia 4500
008 150723s9999 xx 000 0 und d
041 0 |a spa 
100 1 |a Segura, José Sebastian, 1822-1889 
245 1 0 |a Sonetos varios de la musa mexicana colección dedicada al insigne poeta español D. José Zorrilla 
260 |a México   |b Imp. de Vicente Segura  |c 1855 
300 |a 218 p., [2] h.  |c 16 cm. 
650 1 0 |a Literatura mexicana 
700 1 |a Juana Inés de la Cruz, sor, 1651-1695  
700 1 |a Zorrilla y Moral, José, 1817-1893 
852 |a 2030 
942 |c TOLALIB 
943 |g Biblioteca Fenando Tola de Habich. Colección bibliográfica 
999 |c 991368  |d 991368